02012cam a22004694i 4500003000900000005001700009008004100026020001500067035002700082040003300109049000900142082002300151100003300174245014300207264006800350300003800418336002100456337002500477338002300502505023600525526001000761526001000771526001000781526001000791526000800801526000800809526000800817526000800825526000800833526000800841526000800849630007900857700003000936910001800966942001400984949013300998994001401131596000601145999016401151980005501315952017201370PE-LiUPU20250731173532.0150616s1995 miu r 000 0 eng d a0802808735 a(Sirsi) i9780802808738 aPE-LiUPUbspacPE-LiUPUerda aPRUA04a220.60922bH222211 aHarrisville, Roy A.,eautor.14aThe Bible in Modern Culture :btheology and historical-critical method from Spinoza to Käsemann /cRoy A. Harrisville y Walter Sundberg. 1aGrand Rapids, Michigan :bW. B. Eerdmans Publishing Co.,c1995. a282 páginas ;c23 centímetros atext2rdacontent aunmediated2rdamedia avolume2rdacarrier0 aThe war of the worldviews -- The emergence of rationalist biblical cristicism -- Pressing the rationalist attack -- Formation of the liberal protestant position -- The Bible as myth.- Historical criticism in the shadow of Idealism. aSEG42 aSEG41 aSEG40 aSEG39 aP94 aP87 aP86 aP85 aP77 aP76 aP35 aBibliaxCrítica, interpretación, etc.xHistoriayEpoca Moderna, 1500-.1 aSundberg, Walter,eautor. ajckbjvqcjck 2ddccBOOK a220.60922 H22wDEWEYc1i42308lCCODEBUL1mBULr0sYtBOOKu2015-6-16xTEOLOGIAzUNKNOWN0COMPRAo.STAFF. Colección Teología aC0bPEPRU a1 a220.60922 H22wDEWEYc60138i42308d60138f2021-11-9g5lCCODEBUL1mBULp45.00q2r0sYtBOOKu2015-6-16xTEOLOGIAPP350COMPRAo.STAFF. Colección Teología 81gALBERTO SANCHEZ Responsable de Automatización r2025-12-02 00:00:00i6l0o220.60922 H22p42308te1v50.00w2015-06-16xFTyBKzinventario-2023-12-13102ddc50708GENfP35aBULbBULcGENd2015-06-16eCOMPRAg45.00